[Event "British Columbia-ch Active (online)"]
[Site "chess.com"]
[Date "2020.08.15"]
[Round "4.8"]
[White "Xu, Andrew"]
[Black "Leblanc, Paul"]
[Result "0-1"]
[WhiteElo "1492"]
[BlackElo "1765"]
[PlyCount "50"]
[EventDate "2020.08.15"]
[EventType "swiss (rapid)"]
[EventRounds "8"]
[EventCountry "CAN"]

1. e4 c6 2. d4 d5 3. Nd2 dxe4 4. Nxe4 Nf6 5. Nxf6+ gxf6 6. Nf3 Bg4 7. Be2 e6 8.
Be3 Bd6 9. Qd2 Nd7 10. h3 Bh5 11. O-O-O Qc7 12. Kb1 O-O-O 13. Ka1 Kb8 14. c4 c5
15. d5 e5 16. Ne1 Bg6 17. f3 f5 18. Bd3 Rde8 19. Nc2 f4 20. Bf2 e4 21. fxe4
Bxe4 22. Bxe4 Rxe4 23. Qd3 Rhe8 24. Rhe1 f5 25. a3 Nb6 {Time.} 0-1

[Event "British Columbia-ch Active (online)"]
[Site "chess.com"]
[Date "2020.08.15"]
[Round "4.9"]
[White "Jose, Marionito"]
[Black "Batisse, Norman"]
[Result "1-0"]
[WhiteElo "1757"]
[BlackElo "1429"]
[PlyCount "93"]
[EventDate "2020.08.15"]
[EventType "swiss (rapid)"]
[EventRounds "8"]
[EventCountry "CAN"]

1. e4 e5 2. f4 exf4 3. Nf3 Ne7 4. Bc4 d5 5. exd5 Nxd5 6. O-O Bc5+ 7. d4 Bd6 8.
Bxd5 c5 9. dxc5 Bxc5+ 10. Kh1 Bd6 11. Re1+ Kf8 12. Nc3 Bg4 13. Qd4 Nd7 14. Bxf4
Bc5 15. Qc4 h6 16. Bxb7 Bxf3 17. Bxf3 Rc8 18. Qd5 Bf2 19. Red1 g5 20. Bd6+ Kg8
21. Rf1 Nb6 22. Qd2 Bh4 23. Rad1 Nc4 24. Qc1 Nxd6 25. Nb5 g4 26. Bxg4 Bg5 27.
Qb1 Rc6 28. Bf3 Rb6 29. c4 a6 30. c5 Rxb5 31. Rxd6 Qc7 32. b4 a5 33. a3 axb4
34. axb4 Bf4 35. Rd5 Qe7 36. Qe4 Qxe4 37. Bxe4 Bb8 38. Rd7 Rxb4 39. Bd5 Rh7 40.
Rd8+ Kg7 41. Rxf7+ Kg6 42. Rf1 Rd4 43. Be4+ Rxe4 44. Rxb8 Rhe7 45. h3 Re1 46.
Rb4 Rf7 47. Rxe1 {Time.} 1-0

[Event "British Columbia-ch Active (online)"]
[Site "chess.com"]
[Date "2020.08.15"]
[Round "4.10"]
[White "Yang, Jingyun (Ryan)"]
[Black "Yu, Christopher"]
[Result "0-1"]
[WhiteElo "1712"]
[BlackElo "1429"]
[PlyCount "120"]
[EventDate "2020.08.15"]
[EventType "swiss (rapid)"]
[EventRounds "8"]
[EventCountry "CAN"]

1. g3 d5 2. Bg2 Nf6 3. d4 e6 4. Bg5 c5 5. c3 Nc6 6. e3 b6 7. Ne2 Bb7 8. O-O
cxd4 9. exd4 Be7 10. f4 h6 11. Bxf6 Bxf6 12. Nd2 O-O 13. Nf3 Na5 14. Nc1 Nc4
15. Qb3 Ne3 16. Re1 Nxg2 17. Kxg2 Rc8 18. Nd3 Ba6 19. Nde5 Bc4 20. Nxc4 Rxc4
21. Ne5 Bxe5 22. fxe5 Qc7 23. Qd1 Rc8 24. Qg4 b5 25. a3 a5 26. Rac1 b4 27. axb4
axb4 28. Re3 Qb6 29. Qe2 bxc3 30. bxc3 Rxd4 31. cxd4 Rxc1 32. Qd2 Qc6 33. Kh3
Qc4 34. Ra3 Qf1+ 35. Kg4 Qf5+ 36. Kh4 Rc2 37. g4 Qxg4+ 38. Kxg4 Rxd2 39. Ra4
Rxh2 40. Ra8+ Kh7 41. Ra7 Kg6 42. Ra4 h5+ 43. Kg3 Rc2 44. Ra1 Rd2 45. Ra4 Rd3+
46. Kf2 h4 47. Kg2 Kg5 48. Ra7 Rd2+ 49. Kf3 Rxd4 50. Rxf7 Kg6 51. Re7 Kf5 52.
Rxg7 Kxe5 53. Rg5+ Kd6 54. Ke3 Re4+ 55. Kd3 Ra4 56. Rh5 Ra3+ 57. Kd2 h3 58. Rh6
Ra2+ 59. Kc1 h2 60. Kb1 Rg2 0-1

[Event "British Columbia-ch Active (online)"]
[Site "chess.com"]
[Date "2020.08.16"]
[Round "5.1"]
[White "Roberts, Paul"]
[Black "Williamson, Jason"]
[Result "1-0"]
[WhiteElo "2192"]
[BlackElo "2028"]
[PlyCount "71"]
[EventDate "2020.08.15"]
[EventType "swiss (rapid)"]
[EventRounds "8"]
[EventCountry "CAN"]

1. e4 c5 2. Nf3 Nc6 3. Bb5 g6 4. O-O Bg7 5. Re1 Nf6 6. e5 Nd5 7. Nc3 Nc7 8.
Bxc6 dxc6 9. d3 O-O 10. h3 Nd5 11. Ne4 b6 12. a3 h6 13. Bd2 f5 14. exf6 exf6
15. Nc3 f5 16. Ne5 Qd6 17. Nc4 Qc7 18. Qf3 Bb7 19. a4 Rae8 20. Re2 Qf7 21. Nd6
Rxe2 22. Nxf7 Rxd2 23. Nd6 Ba8 24. Rc1 Nb4 25. Qe3 Rxc2 26. Rxc2 Nxc2 27. Qe6+
Kh7 28. Qd7 Kg8 29. Ne8 Rf7 30. Qe6 Nd4 31. Qxg6 Kf8 32. Nd6 Re7 33. Nxf5 Re1+
34. Kh2 Be5+ 35. g3 b5 36. Ne4 1-0

[Event "British Columbia-ch Active (online)"]
[Site "chess.com"]
[Date "2020.08.16"]
[Round "5.2"]
[White "Hemstapat, Andrew"]
[Black "Taylor, Ashton"]
[Result "1-0"]
[WhiteElo "2145"]
[BlackElo "1685"]
[PlyCount "53"]
[EventDate "2020.08.15"]
[EventType "swiss (rapid)"]
[EventRounds "8"]
[EventCountry "CAN"]

1. e4 e5 2. Nf3 Nf6 3. Nxe5 d6 4. Nf3 Nxe4 5. Nc3 Nxc3 6. dxc3 Be7 7. Be3 O-O
8. Qd2 Nd7 9. O-O-O Ne5 10. Be2 Be6 11. Nd4 Bc4 12. f4 Bxe2 13. Qxe2 Nc6 14.
Rhe1 Bf6 15. Nf5 Ne7 16. Ng3 g6 17. Qf3 Qd7 18. Ne4 Bg7 19. Bd4 f6 20. g4 Nc6
21. f5 Ne5 22. Bxe5 fxe5 23. f6 Qe6 24. Rf1 Qxa2 25. Qd3 Bh8 26. b3 Qa3+ 27.
Kb1 {Time.} 1-0

[Event "British Columbia-ch Active (online)"]
[Site "chess.com"]
[Date "2020.08.16"]
[Round "5.3"]
[White "Taylor, Tristan"]
[Black "Huang, Patrick"]
[Result "0-1"]
[WhiteElo "1871"]
[BlackElo "2147"]
[PlyCount "95"]
[EventDate "2020.08.15"]
[EventType "swiss (rapid)"]
[EventRounds "8"]
[EventCountry "CAN"]

1. e4 g6 2. d4 Bg7 3. Nf3 d6 4. Bd3 Nf6 5. O-O O-O 6. h3 Nc6 7. Qe2 h6 8. Rd1
e5 9. dxe5 dxe5 10. Bb5 Qe8 11. c3 Nh5 12. g4 Nf4 13. Bxf4 exf4 14. Nd4 Nxd4
15. cxd4 Qe7 16. f3 c6 17. Bc4 Rd8 18. d5 Qc5+ 19. Kh1 cxd5 20. Bxd5 Be6 21.
Nc3 Bxc3 22. Rac1 Bxd5 23. Rxc3 Qa5 24. exd5 Rxd5 25. Rxd5 Qxd5 26. a3 Rd8 27.
Rc2 Qd4 28. Kg2 Rd6 29. Rc4 Qf6 30. Rc2 Re6 31. Qf2 Re3 32. Qd2 Kg7 33. Rc7 Qe5
34. Rc2 b6 35. Qf2 Qd5 36. Rd2 Qc6 37. Rc2 Qe6 38. Qd2 Qe5 39. Qf2 a5 40. Qd2
b5 41. Kf2 a4 42. Rc6 Qe7 43. Qd4+ Kh7 44. Qxf4 Re2+ 45. Kg3 Rxb2 46. g5 Qe1+
47. Kg4 Rg2+ 48. Qg3 0-1

[Event "British Columbia-ch Active (online)"]
[Site "chess.com"]
[Date "2020.08.16"]
[Round "5.4"]
[White "Lucki, Arnie"]
[Black "Yao, Henry"]
[Result "0-1"]
[WhiteElo "1907"]
[BlackElo "1447"]
[PlyCount "92"]
[EventDate "2020.08.15"]
[EventType "swiss (rapid)"]
[EventRounds "8"]
[EventCountry "CAN"]

1. d4 d5 2. c4 dxc4 3. e3 Nf6 4. Bxc4 e6 5. Nf3 a6 6. a4 c5 7. O-O Nc6 8. Nc3
Be7 9. dxc5 Qxd1 10. Rxd1 Bxc5 11. h3 O-O 12. e4 h6 13. Bf4 b6 14. Bd6 Bxd6 15.
Rxd6 Bb7 16. e5 Nh7 17. Rad1 Rfd8 18. Ne4 Rxd6 19. Nxd6 Rd8 20. Bd3 Na5 21. Rc1
Bxf3 22. gxf3 Ng5 23. Kg2 Nb3 24. Rc8 Rxc8 25. Nxc8 Nc5 26. Bc2 Nd7 27. f4 Nh7
28. Be4 Nhf8 29. Bc6 g5 30. Kf3 gxf4 31. Kxf4 Ng6+ 32. Ke4 Ngxe5 33. Bxd7 Nxd7
34. f4 Nc5+ 35. Ke5 Nxa4 36. b3 Nc5 37. Nxb6 Nxb3 38. Kf6 Nc5 39. f5 exf5 40.
Kxf5 a5 41. Nc4 a4 42. Kf6 Nd7+ 43. Ke7 Nb6 44. Na3 f5 45. Kd6 f4 46. Kc6 f3
0-1

[Event "British Columbia-ch Active (online)"]
[Site "chess.com"]
[Date "2020.08.16"]
[Round "5.5"]
[White "Leblanc, Paul"]
[Black "Parpatt, Mark"]
[Result "1-0"]
[WhiteElo "1765"]
[BlackElo "1330"]
[PlyCount "49"]
[EventDate "2020.08.15"]
[EventType "swiss (rapid)"]
[EventRounds "8"]
[EventCountry "CAN"]

1. d4 Nf6 2. c4 g6 3. Nc3 d5 4. Nf3 Bg7 5. Qb3 dxc4 6. Qxc4 O-O 7. e4 a6 8. Be2
b5 9. Qd3 Bb7 10. a3 Nbd7 11. O-O c5 12. d5 Qc7 13. g3 Rfd8 14. Bf4 Qb6 15.
Rad1 b4 16. Na4 Qa5 17. b3 Nb6 18. Bc7 c4 19. Qb1 Nxa4 20. Bxa5 Nc3 21. Qb2
Nfxe4 22. Bxd8 Nxd1 23. Qc1 Ndxf2 24. Bxe7 Re8 25. d6 {Time.} 1-0

[Event "British Columbia-ch Active (online)"]
[Site "chess.com"]
[Date "2020.08.16"]
[Round "5.6"]
[White "Cruz, Tyler"]
[Black "Jose, Marionito"]
[Result "1-0"]
[WhiteElo "1425"]
[BlackElo "1757"]
[PlyCount "123"]
[EventDate "2020.08.15"]
[EventType "swiss (rapid)"]
[EventRounds "8"]
[EventCountry "CAN"]

1. e4 g6 2. d4 Bg7 3. Nc3 d6 4. Be3 a6 5. f3 b5 6. Qd2 Bb7 7. O-O-O Nd7 8. h4
h5 9. Nh3 b4 10. Ne2 c5 11. dxc5 dxc5 12. Ng5 Ngf6 13. e5 Nxe5 14. Qxd8+ Rxd8
15. Rxd8+ Kxd8 16. Bxc5 Nd5 17. f4 Nd7 18. Nxf7+ Ke8 19. Nxh8 Nxc5 20. Nxg6 Na4
21. Ne5 Bf6 22. Rh3 Nxf4 23. Nxf4 Bxe5 24. Nd3 Bd6 25. Re3 Nb6 26. Kb1 Nc4 27.
Re1 a5 28. b3 Na3+ 29. Kc1 Bg3 30. Re3 Bxh4 31. Rh3 Bg5+ 32. Kd1 h4 33. Nc5 Bc8
34. Rf3 Bg4 35. Be2 Bxf3 36. Bxf3 Nb5 37. Bc6+ Kd8 38. Ne6+ Kc8 39. Bxb5 Bf6
40. Ke2 Kb7 41. Bc4 Kc6 42. Nf4 Kc5 43. Bf7 Kd4 44. Kf3 Kc3 45. Bg6 Kb2 46. Kg4
Kxa2 47. Nd5 Bb2 48. Nxe7 Ka3 49. Kxh4 Bf6+ 50. Kh5 Bxe7 51. g4 a4 52. bxa4
Kxa4 53. Be8+ Ka3 54. Bf7 Kb2 55. Bb3 Bd8 56. g5 Bxg5 57. Kxg5 Kc3 58. Kf5 Kb2
59. Ke4 Kc3 60. Kd5 Kb2 61. Kc4 Ka3 62. Kb5 1-0

[Event "British Columbia-ch Active (online)"]
[Site "chess.com"]
[Date "2020.08.16"]
[Round "5.7"]
[White "Ghazaryan, Suren"]
[Black "Basko, Yauheni"]
[Result "1/2-1/2"]
[WhiteElo "1404"]
[BlackElo "1704"]
[PlyCount "90"]
[EventDate "2020.08.15"]
[EventType "swiss (rapid)"]
[EventRounds "8"]
[EventCountry "CAN"]

1. Nc3 d5 2. d4 Nf6 3. Bf4 a6 4. e3 Bg4 5. f3 Bh5 6. g4 Bg6 7. h4 h6 8. h5 Bh7
9. Bd3 Bxd3 10. Qxd3 e6 11. e4 c5 12. dxc5 d4 13. O-O-O Nc6 14. Qc4 Qa5 15. Na4
e5 16. Bd2 Qb5 17. Qb3 Nd7 18. Nb6 Nxb6 19. cxb6 Qxb3 20. axb3 Bc5 21. Ne2 O-O
22. Ng3 Bxb6 23. g5 hxg5 24. Bxg5 f6 25. Bd2 Rac8 26. Nf5 Kf7 27. Nd6+ Ke6 28.
Nxc8 Rxc8 29. h6 g5 30. h7 Rh8 31. Rh6 Kf7 32. Rdh1 Bc5 33. Be1 Nd8 34. Ba5 Ne6
35. Bd2 b5 36. b4 Bd6 37. b3 Kg7 38. R6h3 Nf8 39. Kb2 Ng6 40. Ra1 Ra8 41. Rah1
Rh8 42. R3h2 Nh4 43. Rh3 Be7 44. Be1 Ng6 45. Bd2 Bd6 1/2-1/2

[Event "British Columbia-ch Active (online)"]
[Site "chess.com"]
[Date "2020.08.16"]
[Round "5.8"]
[White "Zhang, Raymond Tangning"]
[Black "Li, Geng"]
[Result "0-1"]
[WhiteElo "1227"]
[BlackElo "1683"]
[PlyCount "98"]
[EventDate "2020.08.15"]
[EventType "swiss (rapid)"]
[EventRounds "8"]
[EventCountry "CAN"]

1. d4 d5 2. Bf4 e6 3. Nf3 Nf6 4. e3 Be7 5. Bd3 O-O 6. c3 c5 7. Nbd2 c4 8. Bc2
Nbd7 9. Qe2 b5 10. e4 dxe4 11. Nxe4 Bb7 12. O-O h6 13. Rfe1 a6 14. Nd6 Bd5 15.
Ne4 Re8 16. Rad1 Qb6 17. Nxf6+ Nxf6 18. Ne5 Rad8 19. f3 a5 20. Kh1 Rc8 21. Qf2
b4 22. Rb1 Nh5 23. Bd2 Qb7 24. Be4 Nf6 25. Bxd5 Nxd5 26. Qg3 f6 27. Ng6 Qd7 28.
Nxe7+ Rxe7 29. a3 bxc3 30. bxc3 Kf7 31. Re2 Qa4 32. Qd6 Rc6 33. Qg3 Qxa3 34.
Rc1 a4 35. Qh3 Qb2 36. Qg4 a3 37. Rce1 a2 38. Bxh6 Qxe2 39. Qxg7+ Ke8 40. Qg3
Qb2 41. Bc1 Qxc3 42. Qb8+ Kd7 43. Qb7+ Nc7 44. Qxc6+ Kxc6 45. Rxe6+ Rxe6 46.
Bd2 Qxd2 47. h3 a1=Q+ 48. Kh2 Qf4+ 49. g3 Re2# 0-1

[Event "British Columbia-ch Active (online)"]
[Site "chess.com"]
[Date "2020.08.16"]
[Round "5.9"]
[White "Imoo, Joshua"]
[Black "Hao, Jackie"]
[Result "0-1"]
[WhiteElo "1611"]
[BlackElo "1112"]
[PlyCount "156"]
[EventDate "2020.08.15"]
[EventType "swiss (rapid)"]
[EventRounds "8"]
[EventCountry "CAN"]

1. e4 e5 2. Nf3 Nc6 3. Bc4 Bc5 4. d3 Nf6 5. c3 O-O 6. h3 Na5 7. Nxe5 Nxc4 8.
Nxc4 d5 9. exd5 Nxd5 10. O-O Re8 11. d4 Bb6 12. Ne5 c5 13. Nf3 cxd4 14. Nxd4
Bd7 15. Na3 Rc8 16. Nac2 Qf6 17. Nf3 Bc6 18. Ncd4 Nf4 19. Bxf4 Qxf4 20. Nxc6
Rxc6 21. Qd7 Rce6 22. Nd4 Bxd4 23. Qxd4 Qxd4 24. cxd4 Re2 25. b3 Kf8 26. a4 Rb2
27. Rab1 Ree2 28. b4 Rxf2 29. Rxb2 Rxb2 30. b5 Rb4 31. Rc1 Rxd4 32. a5 Rd5 33.
Rc8+ Ke7 34. Ra8 Rxb5 35. Rxa7 Kf6 36. Kf2 h5 37. Kf3 Kf5 38. a6 bxa6 39. Rxa6
Rb3+ 40. Kf2 h4 41. Ra5+ Kf6 42. Ra6+ Kg5 43. Ra5+ Kh6 44. Ra6+ f6 45. Ra4 g5
46. Ra6 Kg6 47. Rc6 Kf5 48. Rc5+ Ke4 49. Rc4+ Kd5 50. Ra4 Rc3 51. Ra6 Ke5 52.
Ra5+ Ke4 53. Ra4+ Kf5 54. Ra5+ Ke4 55. Ra4+ Kd5 56. Ra5+ Rc5 57. Ra6 Ke5 58.
Ra8 f5 59. Re8+ Kf4 60. Re2 Re5 61. Ra2 Re3 62. Ra4+ Re4 63. Ra8 Rd4 64. Ra2
Ke4 65. Re2+ Kf4 66. Ra2 g4 67. hxg4 fxg4 68. Ra8 Rd2+ 69. Kf1 Kg3 70. Ra3+ Kh2
71. Ra8 Rxg2 72. Rh8 h3 73. Ra8 g3 74. Ra7 Rf2+ 75. Ke1 g2 76. Rg7 g1=Q+ 77.
Rxg1 Kxg1 78. Kd1 Kg2 0-1

[Event "British Columbia-ch Active (online)"]
[Site "chess.com"]
[Date "2020.08.16"]
[Round "5.10"]
[White "Ratti, Uditi"]
[Black "Pangilinan, Emmanuel"]
[Result "0-1"]
[WhiteElo "1127"]
[BlackElo "1592"]
[PlyCount "148"]
[EventDate "2020.08.15"]
[EventType "swiss (rapid)"]
[EventRounds "8"]
[EventCountry "CAN"]

1. d4 d5 2. c4 e6 3. Nf3 c6 4. e3 Bd6 5. Bd3 f5 6. Nc3 Nf6 7. O-O Ne4 8. Nxe4
fxe4 9. Ne5 Bxe5 10. Qh5+ g6 11. Qxe5 O-O 12. Be2 Rf5 13. Qg3 Rg5 14. Qh3 e5
15. Qh6 Nd7 16. cxd5 cxd5 17. Bd2 Nf8 18. Bb4 Ne6 19. dxe5 Ng7 20. Rfd1 Be6 21.
h4 Rf5 22. Rac1 Qd7 23. Bc5 b6 24. Bd6 Rc8 25. a4 Rf7 26. h5 Nf5 27. Qg5 Rg7
28. hxg6 Rxg6 29. Qf4 Nxd6 30. Rxc8+ Nxc8 31. Rc1 Ne7 32. b4 Qxa4 33. Bh5 Rg7
34. Qf6 Qd7 35. Be8 Qxe8 36. Qxe6+ Kh8 37. b5 Qg6 38. Qxg6 Nxg6 39. e6 Re7 40.
Rc8+ Kg7 41. Rd8 Rxe6 42. Rxd5 Kf7 43. Kh2 Re5 44. Rd7+ Kg8 45. Rxa7 Rxb5 46.
Ra4 Re5 47. Rb4 b5 48. g3 Ne7 49. Rb3 Nc6 50. g4 b4 51. f4 exf3 52. Kg3 Rb5 53.
Kxf3 Na5 54. Rb1 b3 55. Ke4 b2 56. Kd3 Rb3+ 57. Kd4 Kf7 58. Kd5 Rb5+ 59. Kd4
Nc6+ 60. Kc4 Rb8 61. Kc5 Ne5 62. e4 Nxg4 63. Kd6 Nf6 64. Kc7 Rb4 65. e5 Ng4 66.
Kd6 Rb6+ 67. Kd5 Ne3+ 68. Kc5 Rb8 69. Kd6 Nc4+ 70. Kd7 Nxe5+ 71. Kd6 Nc4+ 72.
Kc5 Nd2 73. Rf1+ Nxf1 74. Kc4 b1=Q 0-1

[Event "British Columbia-ch Active (online)"]
[Site "chess.com"]
[Date "2020.08.16"]
[Round "6.1"]
[White "Hemstapat, Andrew"]
[Black "Roberts, Paul"]
[Result "1-0"]
[WhiteElo "2145"]
[BlackElo "2192"]
[PlyCount "59"]
[EventDate "2020.08.15"]
[EventType "swiss (rapid)"]
[EventRounds "8"]
[EventCountry "CAN"]

1. e4 c6 2. d4 d5 3. e5 Bf5 4. h4 h5 5. c4 dxc4 6. Bxc4 e6 7. Nc3 Nd7 8. Nge2
Nb6 9. Bd3 Bxd3 10. Qxd3 Ne7 11. Bg5 Qd7 12. Ne4 Nf5 13. O-O-O Be7 14. Bxe7
Qxe7 15. N2g3 Nxg3 16. Nd6+ Kd7 17. Qxg3 Kc7 18. Rd3 g6 19. Rf3 Raf8 20. Kb1
Rhg8 21. Rb3 g5 22. Qc3 Rb8 23. Qa5 Ra8 24. a4 gxh4 25. Qc5 Rgb8 26. Rc1 Kd7
27. a5 Nc8 28. a6 Nxd6 29. exd6 Qxd6 30. axb7 1-0

[Event "British Columbia-ch Active (online)"]
[Site "chess.com"]
[Date "2020.08.16"]
[Round "6.2"]
[White "Yao, Henry"]
[Black "Williamson, Jason"]
[Result "0-1"]
[WhiteElo "1447"]
[BlackElo "2028"]
[PlyCount "32"]
[EventDate "2020.08.15"]
[EventType "swiss (rapid)"]
[EventRounds "8"]
[EventCountry "CAN"]

1. e4 c5 2. Nf3 Nc6 3. d4 cxd4 4. Nxd4 Nf6 5. Nc3 e5 6. Ndb5 d6 7. Bg5 a6 8.
Na3 b5 9. Bxf6 gxf6 10. Nd5 f5 11. Bd3 Qg5 12. Nc7+ Kd8 13. Nxa8 Qxg2 14. Rf1
Nd4 15. f3 Be7 16. Rb1 Bh4+ 0-1

[Event "British Columbia-ch Active (online)"]
[Site "chess.com"]
[Date "2020.08.16"]
[Round "6.3"]
[White "Huang, Patrick"]
[Black "Pangilinan, Emmanuel"]
[Result "1-0"]
[WhiteElo "2147"]
[BlackElo "1592"]
[PlyCount "131"]
[EventDate "2020.08.15"]
[EventType "swiss (rapid)"]
[EventRounds "8"]
[EventCountry "CAN"]

1. d4 d5 2. Bf4 e6 3. e3 Bd6 4. Bg3 c6 5. Nf3 f5 6. c4 Nf6 7. Nc3 O-O 8. Be2
Bc7 9. Rc1 Ne4 10. Bxc7 Qxc7 11. cxd5 Nxc3 12. Rxc3 exd5 13. b4 a6 14. Qb3 Kh8
15. O-O Qe7 16. a4 Bd7 17. Rfc1 Be8 18. b5 a5 19. Ne5 g5 20. bxc6 bxc6 21. Rb1
Na6 22. Bxa6 Rxa6 23. Qb7 Ra7 24. Qxe7 Rxe7 25. Nxc6 Rc7 26. Rbc1 Rf6 27. Nxa5
Rxc3 28. Rxc3 Bxa4 29. h3 Ra6 30. Nb7 Bb5 31. Rc8+ Kg7 32. Nc5 Ra1+ 33. Kh2 Bc4
34. Rc7+ Kg6 35. Nd7 Ra4 36. Nf8+ Kf6 37. Nxh7+ Kg6 38. Nf8+ Kf6 39. Nd7+ Kg6
40. Ne5+ Kf6 41. Rf7+ Ke6 42. Rg7 Ra2 43. Kg3 f4+ 44. exf4 gxf4+ 45. Kxf4 Rxf2+
46. Kg3 Rd2 47. Rg4 Be2 48. Rf4 Bh5 49. Kh4 Be8 50. g4 Rg2 51. g5 Rg1 52. Rf8
Ba4 53. Rf6+ Ke7 54. Ng6+ Ke8 55. Nf4 Bb3 56. Kh5 Ke7 57. h4 Rd1 58. Rb6 Rxd4
59. Ng6+ Kf7 60. Rxb3 Rd1 61. Rb7+ Ke6 62. Nf8+ Ke5 63. g6 Rg1 64. g7 Kf6 65.
Nh7+ Kf5 66. Ng5 1-0

[Event "British Columbia-ch Active (online)"]
[Site "chess.com"]
[Date "2020.08.16"]
[Round "6.4"]
[White "Hao, Jackie"]
[Black "Leblanc, Paul"]
[Result "1-0"]
[WhiteElo "1112"]
[BlackElo "1765"]
[PlyCount "71"]
[EventDate "2020.08.15"]
[EventType "swiss (rapid)"]
[EventRounds "8"]
[EventCountry "CAN"]

1. d4 d5 2. c4 dxc4 3. e4 Nf6 4. Nc3 a6 5. Bxc4 b5 6. Bb3 e6 7. e5 Nd5 8. Nf3
Bb7 9. O-O Be7 10. Be3 O-O 11. Nxd5 Bxd5 12. Rc1 c6 13. Bc2 Nd7 14. Qd3 f5 15.
exf6 Nxf6 16. Ne5 Rc8 17. Bg5 Ne4 18. Bxe7 Qxe7 19. f3 Nf6 20. Rfe1 c5 21. dxc5
Rxc5 22. Qa3 Rfc8 23. Nd3 R5c7 24. Qxe7 Rxe7 25. Bb1 Rec7 26. Rxc7 Rxc7 27. Nf4
Kf7 28. Nxd5 Nxd5 29. Kf2 a5 30. h4 b4 31. b3 h6 32. Bd3 Nc3 33. Bc4 Rc6 34.
Re5 Nd5 35. Rxd5 exd5 36. Bxd5+ 1-0

[Event "British Columbia-ch Active (online)"]
[Site "chess.com"]
[Date "2020.08.16"]
[Round "6.5"]
[White "Taylor, Ashton"]
[Black "Cruz, Tyler"]
[Result "1-0"]
[WhiteElo "1685"]
[BlackElo "1425"]
[PlyCount "97"]
[EventDate "2020.08.15"]
[EventType "swiss (rapid)"]
[EventRounds "8"]
[EventCountry "CAN"]

1. d4 Nf6 2. c4 e6 3. Nc3 Bb4 4. Qc2 O-O 5. a3 Bxc3+ 6. Qxc3 b6 7. Bg5 h6 8.
Bh4 Bb7 9. f3 d5 10. e3 Nbd7 11. cxd5 exd5 12. Bd3 Re8 13. Ne2 g6 14. Bf2 Rc8
15. O-O c5 16. Qd2 c4 17. Bc2 b5 18. Nc3 a6 19. e4 Kg7 20. e5 Ng8 21. f4 f6 22.
Bh4 Qb6 23. Qf2 fxe5 24. fxe5 Rf8 25. Qe3 Rxf1+ 26. Rxf1 Rf8 27. Rxf8 Nxf8 28.
Bf2 Ne6 29. Ne2 Ne7 30. Nf4 Nxf4 31. Qxf4 Qe6 32. g4 Qf7 33. Qxf7+ Kxf7 34. Be3
Kg7 35. Kg2 a5 36. Bd2 Nc6 37. Be3 b4 38. Kf3 b3 39. Bb1 Nxe5+ 40. dxe5 d4+ 41.
Ke2 dxe3 42. Kxe3 Kf7 43. Kd4 Ba6 44. Kd5 h5 45. g5 a4 46. Kd6 Bb7 47. e6+ Kf8
48. Bxg6 c3 49. e7+ 1-0

[Event "British Columbia-ch Active (online)"]
[Site "chess.com"]
[Date "2020.08.16"]
[Round "6.6"]
[White "Li, Geng"]
[Black "Le, Tan"]
[Result "1/2-1/2"]
[WhiteElo "1683"]
[BlackElo "933"]
[PlyCount "64"]
[EventDate "2020.08.15"]
[EventType "swiss (rapid)"]
[EventRounds "8"]
[EventCountry "CAN"]

1. d4 Nf6 2. c4 e6 3. Nf3 b6 4. Nc3 Bb4 5. a3 Be7 6. e4 d6 7. Bd3 Bb7 8. O-O
O-O 9. Qc2 h6 10. b4 c5 11. bxc5 bxc5 12. Rb1 Qc7 13. dxc5 dxc5 14. Nb5 Qc8 15.
Be3 Nbd7 16. e5 Ng4 17. Qe2 Bxf3 18. Qxf3 Ngxe5 19. Qe2 a6 20. Nc3 Nxd3 21.
Qxd3 Rd8 22. Qe4 Nf6 23. Qf3 Rd3 24. Rbc1 Qd8 25. Rcd1 Rxd1 26. Rxd1 Qf8 27. h3
Rd8 28. Qc6 Rxd1+ 29. Nxd1 Qd8 30. Nb2 Qa5 31. Na4 Ne4 32. Qxe4 Qxa4 1/2-1/2

[Event "British Columbia-ch Active (online)"]
[Site "chess.com"]
[Date "2020.08.16"]
[Round "6.7"]
[White "Ingram, Richard"]
[Black "Koukpari, Tiam"]
[Result "0-1"]
[WhiteElo "1532"]
[BlackElo "1675"]
[PlyCount "72"]
[EventDate "2020.08.15"]
[EventType "swiss (rapid)"]
[EventRounds "8"]
[EventCountry "CAN"]

1. e4 c5 2. Nf3 Nc6 3. d4 cxd4 4. Nxd4 e5 5. Nb5 d6 6. c4 a6 7. N5c3 Nf6 8. Be2
Be7 9. Be3 O-O 10. O-O Be6 11. Nd2 Nd7 12. Nd5 Bxd5 13. cxd5 Nd4 14. Bxd4 exd4
15. Nf3 Bf6 16. Nxd4 Re8 17. Nf5 Nc5 18. Rb1 Rxe4 19. Bf3 Re5 20. Ne3 Re7 21.
b4 Ne4 22. Bxe4 Rxe4 23. Qb3 b5 24. Rbc1 Bg5 25. Rc6 Bxe3 26. fxe3 Qe7 27. Rf3
h6 28. h3 Qe5 29. Kf2 f5 30. a3 Re8 31. Qc3 Qxd5 32. Rxa6 Rc4 33. Qb2 Rec8 34.
Kg1 Rc1+ 35. Rf1 R8c2 36. Qxc1 Qxg2# 0-1

[Event "British Columbia-ch Active (online)"]
[Site "chess.com"]
[Date "2020.08.16"]
[Round "6.8"]
[White "Escandor, Manuel Omana"]
[Black "Taylor, Tristan"]
[Result "0-1"]
[WhiteElo "1514"]
[BlackElo "1871"]
[PlyCount "66"]
[EventDate "2020.08.15"]
[EventType "swiss (rapid)"]
[EventRounds "8"]
[EventCountry "CAN"]

1. e4 c5 2. Bc4 Nc6 3. Nc3 g6 4. d3 Bg7 5. Bd2 Nf6 6. Nf3 O-O 7. O-O d6 8. h3
a6 9. a3 b5 10. Ba2 Rb8 11. Nd5 b4 12. Bc4 a5 13. a4 Nd7 14. Rb1 Nde5 15. Nxe5
Nxe5 16. Bb3 e6 17. Ne3 Nc6 18. f4 Nd4 19. Bc4 Bd7 20. b3 Bc6 21. c3 bxc3 22.
Bxc3 Ne2+ 23. Qxe2 Bxc3 24. Kh1 d5 25. exd5 exd5 26. Qf3 dxc4 27. Qxc6 Qxd3 28.
Qf3 Rxb3 29. Rbd1 Bd2 30. Qf2 Bxe3 31. Rxd3 Bxf2 32. Rxb3 cxb3 33. Rxf2 c4 0-1

[Event "British Columbia-ch Active (online)"]
[Site "chess.com"]
[Date "2020.08.16"]
[Round "6.9"]
[White "Su, Ethan"]
[Black "Ghazaryan, Suren"]
[Result "1-0"]
[WhiteElo "1853"]
[BlackElo "1404"]
[PlyCount "49"]
[EventDate "2020.08.15"]
[EventType "swiss (rapid)"]
[EventRounds "8"]
[EventCountry "CAN"]

1. e3 d5 2. c4 e6 3. Nc3 Nf6 4. d4 Be7 5. Nf3 b6 6. b3 Bb7 7. Bb2 O-O 8. Be2
Nbd7 9. O-O c5 10. Rc1 Rc8 11. cxd5 Nxd5 12. Nxd5 Bxd5 13. dxc5 Nxc5 14. Qd2
Bf6 15. Bd4 Qe7 16. Qc3 Bxd4 17. exd4 Nd7 18. Qxc8 Rxc8 19. Rxc8+ Nf8 20. Rfc1
Qa3 21. Ne5 Bb7 22. R8c7 Ng6 23. R1c2 Be4 24. Rc8+ Nf8 25. R2c7 1-0

[Event "British Columbia-ch Active (online)"]
[Site "chess.com"]
[Date "2020.08.16"]
[Round "6.10"]
[White "Basko, Yauheni"]
[Black "Liu, Zachary"]
[Result "1/2-1/2"]
[WhiteElo "1704"]
[BlackElo "270"]
[PlyCount "162"]
[EventDate "2020.08.15"]
[EventType "swiss (rapid)"]
[EventRounds "8"]
[EventCountry "CAN"]

1. e4 e5 2. Nf3 Nc6 3. Bb5 a6 4. Ba4 Nf6 5. d3 b5 6. Bb3 Be7 7. c3 d6 8. h3 O-O
9. O-O Na5 10. Bc2 c5 11. Nbd2 Bb7 12. Re1 Rc8 13. a4 Nc6 14. Nf1 h6 15. Ng3
Re8 16. Nf5 Bf8 17. Qe2 Ne7 18. N3h4 d5 19. Qf3 dxe4 20. dxe4 Nxf5 21. Nxf5 Qb6
22. Qg3 Kh7 23. Qh4 Ng8 24. Be3 Ne7 25. Ng3 Ng6 26. Qg4 Qe6 27. Qxe6 Rxe6 28.
axb5 axb5 29. Ra7 Re7 30. Nf5 Rec7 31. Rd1 Ba8 32. Rd7 Rxa7 33. Rxa7 Nh8 34.
Bb3 Bxe4 35. Ng3 Bg6 36. Rb7 b4 37. Bc4 bxc3 38. bxc3 f6 39. Kf1 Rd8 40. Ke2
Be8 41. Rc7 Bd6 42. Ra7 Bb8 43. Rb7 Bc6 44. Rb1 Bxg2 45. h4 Bd6 46. f3 Bh3 47.
Ne4 Bf5 48. Rb5 Bxe4 49. fxe4 Ng6 50. h5 Nf4+ 51. Bxf4 exf4 52. Kf3 Rc8 53. Be6
Rb8 54. Rxb8 Bxb8 55. Kg4 Be5 56. Bf7 Bxc3 57. Kxf4 Be5+ 58. Kf5 Ba1 59. Kf4
Be5+ 60. Kf5 Ba1 61. Kf4 Bd4 62. Kf5 Be3 63. Kg4 Bg5 64. Kf5 Bh4 65. Kg4 Be1
66. Kf5 Bc3 67. Kg4 c4 68. Bxc4 g6 69. Bf7 g5 70. Kf5 Kg7 71. Bc4 Be5 72. Bd5
Bf4 73. Bc4 Bg3 74. Bd5 Bh4 75. Bc4 Be1 76. Bd5 Bc3 77. Bc4 Ba1 78. Bd5 Be5 79.
Bc4 Ba1 80. Bd5 Bd4 81. Bc4 Ba1 1/2-1/2